Country Flags Click Quiz #3 - Statistics

General Stats
  • This quiz has been taken 177 times
  • The average score is 19 of 20
Answer Stats
Hint Answer % Correct
North Korea
97%
Bangladesh
95%
Georgia
95%
Kenya
95%
Afghanistan
94%
Albania
94%
Bhutan
94%
Lebanon
94%
Malaysia
94%
Pakistan
94%
Panama
94%
Poland
94%
Colombia
93%
Egypt
93%
Singapore
93%
Sri Lanka
92%
Trinidad and Tobago
92%
Venezuela
90%
Libya
88%
Tanzania
85%
No matching quizzes found
Score Distribution
Percent of People with Each Score
Percentile by Number Answered
Your Score History
You have not taken this quiz